000
00295nam a2200121Ia 4500
008
190216s9999||||xx |||||||||||||| ||und||
100
_a
Krishna Gopal Sharma Shashthri
245
0
_a
Hindi-Sreekrishna Kavitha Vali
260
_b
Sreeramakrishna
300
_a
144
650
_a
Hindi
942
_c
BK
999
_c
16384
_d
16384